000 00315nam a2200109 4500
999 _c13602
_d13602
008 190329b ||||| |||| 00| 0 eng d
245 _aCyberattacks slow down digital transformation.
260 _aPhilippines
_bThe Philippine Star
_cc2018
300 _apage B7.
650 0 _937925
_aCrimes- Cyber.
942 _2ddc
_cPER